000 00329nam a22001337a 4500
082 _aCP-04
100 _aAsim khan
_950854
245 _aDeferential equation & transform
_cCED-83
250 _aSpring Semester
260 _aMCE
_bAsim khan
_c2015
526 _a0
_b0
_c0
_dCP_04
650 _aCourse pack
_950855
942 _2ddc
_cBKB
999 _c553583
_d553583